USA Territories and Associated States on a map - Statistics

General Stats
  • This quiz has been taken 179 times
  • The average score is 44 of 59
Answers on the Map
Answers color-coded by a green-red scale on the quiz's map according to % correct below.
 
Answer Stats
Answer % Correct
Hawaii
90%
Puerto Rico
90%
Alaska
87%
Washington DC
85%
Florida
83%
Guam
83%
Nevada
83%
California
81%
Maine
81%
New Mexico
81%
Texas
81%
Washington
81%
Georgia
80%
Idaho
80%
New Jersey
80%
North Carolina
80%
Ohio
80%
Arizona
79%
Illinois
79%
Louisiana
79%
Minnesota
79%
New York
79%
South Carolina
79%
Alabama
78%
Arkansas
78%
Colorado
78%
Maryland
78%
Michigan
78%
North Dakota
78%
Indiana
77%
Kentucky
77%
Mississippi
77%
Missouri
77%
Montana
77%
Nebraska
77%
Oregon
77%
Rhode Island
77%
Utah
77%
Virginia
77%
Wyoming
77%
Iowa
76%
Kansas
76%
Massachusetts
76%
New Hampshire
76%
South Dakota
76%
US Virgin Islands
76%
Vermont
76%
West Virginia
76%
Oklahoma
74%
Pennsylvania
74%
Tennessee
74%
Connecticut
73%
Delaware
73%
Wisconsin
73%
American Samoa
57%
Northern Mariana Islands
47%
Palau
24%
Marshall Islands
22%
Federated States of Micronesia
20%
No matching quizzes found
Score Distribution
Percent of People with Each Score
Percentile by Number Answered
Your Score History
You have not taken this quiz